Score 0/30 Timer 03:00
9 Plays Today
Question Answer % Correct
What is the singular form of the word dice?die
95.4%
Who was the US President in the year 2000?Bill Clinton
86.1%
Which US state comes first in an alphabetical list?Alabama
84.3%
What is the currency called in Japan?yen
84.1%
Complete the title of this Shakespeare play: 'A Midsummer Night's ___'Dream
81.4%
Which religion worships Shiva, Devi, Vishnu, Ganesha, and Surya?Hinduism
77.8%
In the acronym CIA, what does the C stand for?Central
76.9%
Helsinki is the capital city of which country?Finland
76.7%
Which gas giant planet is furthest from the sun?Neptune
75.7%
Which company created the PlayStation game console?Sony Computer Entertainment
75.3%
Which actress appeared in 'Pretty Woman', 'Ocean's Eleven', 'Steel Magnolias' and 'Notting Hill'?Julia Roberts
75%
Helmut Schmidt and Helmut Kohl both led what European country?West Germany
72.5%
On which continent is the country of Togo?Africa
71.5%
What body part is 'la bouche' in French and 'la boca' in Spanish?mouth
68.7%
Which film won the Academy Award for Best Picture in 1994, starring Tom Hanks in the lead role?Forrest Gump
68%
Question Answer % Correct
Which state is home to the Timberwolves, Vikings, Twins and Wild?Minnesota
67.2%
Which 1975 film features Amity Island with an unwanted shark problem?Jaws
65.9%
During which century did the Crimean War take place?Nineteenth
63.6%
Which famous actor was in a relationship with Angelina Jolie until 2016?Brad Pitt
62%
In 2011, New Zealand hosted and won the World Cup in what sport?rugby union
59.4%
Which chemical element has the symbol Cu?Copper
56.3%
What is the capital city of Peru?Lima
56.3%
Which man currently hosts The Tonight Show on NBC?Jimmy Fallon
52.5%
Which author wrote the novel 'To Kill a Mockingbird'?Harper Lee
49.9%
Which pop artist, with hits such as 'Straight Up' and 'Opposites Attract', is now well-known as a TV judge?Paula Abdul
45.6%
What is the cube root of 216?6
42.9%
Which TV show starred Evangeline Lilly, Matthew Fox, Josh Holloway and Dominic Monaghan, amongst others?Lost
41.1%
Which alcoholic spirit gets its primary flavor from juniper berries?Gin
33.3%
Fool's gold is actually a mineral containing ions of what metal?iron
27.1%
Which composer's 41st Symphony is called the Jupiter Symphony?Wolfgang Mozart
24.2%
Remove Ads.
Support Sporcle.
Get the best of Sporcle when you Go Orange. This ad-free experience offers more features, more stats, and more fun while also helping to support Sporcle. Thank you for becoming a member.

You're not logged in!

Compare scores with friends on all Sporcle quizzes.
OR
Log In

Show Comments

Extras

Top Quizzes Today


Score Distribution

Your Account Isn't Verified!

In order to create a playlist on Sporcle, you need to verify the email address you used during registration. Go to your Sporcle Settings to finish the process.

Report this User

Report this user for behavior that violates our Community Guidelines.

Details: